Welcome to the Holygrace Academy Library

Please use search bar below to get started

THE RISE OF SIVAGAMI (Record no. 3605)

MARC details
000 -LEADER
fixed length control field 00305nam a22001337a 4500
020 ## - INTERNATIONAL STANDARD BOOK NUMBER
ISBN 978-93-86224-44-6
082 ## - DEWEY DECIMAL CLASSIFICATION NUMBER
Classification number 823
Item number NEE/R
100 ## - MAIN ENTRY--AUTHOR NAME
Personal name NEELAKANTAN, ANAND
245 ## - TITLE STATEMENT
Title THE RISE OF SIVAGAMI
260 ## - PUBLICATION, DISTRIBUTION, ETC. (IMPRINT)
Place of publication DELHI
Name of publisher WESTLAND PUBLICATIONS
Year of publication 2017
300 ## - PHYSICAL DESCRIPTION
Number of Pages 467
650 ## - SUBJECT ADDED ENTRY--TOPICAL TERM
Topical Term NOVEL
Geographic subdivision INDIA
942 ## - ADDED ENTRY ELEMENTS (KOHA)
Koha item type Books
Holdings
Withdrawn status Lost status Collection code Home library Current library Shelving location Date acquired Source of acquisition Cost, normal purchase price Full call number Accession Number Koha item type
    Fiction Main Library Main Library SHELF-14-I- ALPHABETICAL N,O --ENGLISH NOVELS & FICTIONS 17/01/2019 purchase 299.00 823 NEE/R 10472 Books